In our own words: A resource book for primary school teachers (Record no. 1397574)

MARC details
000 -LEADER
fixed length control field 00604nam a2200205Ia 4500
005 - DATE AND TIME OF LATEST TRANSACTION
control field 20250508165815.0
008 - FIXED-LENGTH DATA ELEMENTS--GENERAL INFORMATION
fixed length control field 008 250505s9999 xx 000 0 eng d
037 ## - SOURCE OF ACQUISITION
Stock number Textual
040 ## - CATALOGING SOURCE
Original cataloging agency FEDL
Language of cataloging eng
Transcribing agency FEDL
041 ## - LANGUAGE CODE
Language code of text/sound track or separate title eng
Source of code eng
084 ## - COLON CLASSIFICATION NUMBER
Classification number 428.007, SAH
Assigning agency FEDL
100 ## - MAIN ENTRY--PERSONAL NAME
Personal name Sahi Jane
245 #0 - TITLE STATEMENT
Title In our own words: A resource book for primary school teachers
260 ## - PUBLICATION, DISTRIBUTION, ETC.
Place of publication, distribution, etc. Madhya Pradesh, India
Name of publisher, distributor, etc. Eklavya Publications
Date of publication, distribution, etc. 2015
300 ## - PHYSICAL DESCRIPTION
Extent 160p.
365 ## - TRADE PRICE
Price type code INR
Price amount 380
546 ## - LANGUAGE NOTE
Language note Gifted by Prof. Krishna Kumar
942 ## - ADDED ENTRY ELEMENTS (KOHA)
Koha item type Textual
Classification part 428.007, SAH
Holdings
Withdrawn status Lost status Damaged status Not for loan Home library Current library Date acquired Cost, normal purchase price Total Checkouts Full call number Barcode Date last seen Price effective from Koha item type
        Department of Education Library Department of Education Library 2025-05-08 380.00   428.007, SAH EL0091231 2025-05-08 2025-05-08 Textual
Copyright @ Delhi University Library System